000 00579cam a2200193 4500500
005 20260329004514.0
041 _afre
042 _adc
100 1 0 _aPortevin, Catherine
_eauthor
245 0 0 _aLe Siècle vert. Un changement de civilisation
260 _c2020.
500 _a55
690 _aCause
690 _aHistoire
690 _aNature
690 _aRégis Debray
786 0 _nPhilosophie magazine | 137 | 3 | 2020-03-01 | p. 63-63 | 1951-1787
856 4 1 _uhttps://shs.cairn.info/magazine-philosophie-magazine-2020-3-page-63?lang=fr&redirect-ssocas=7080
999 _c1834577
_d1834577